000 01694nam a2200241Ia 4500
003 Ost
005 20260416102401.0
008 260416s9999||||xx |||||||||||||| ||und||
040 _cfsecg
041 _aara
082 _a657
100 _aعطلاوي، زكرياء
_eمؤلف
245 0 _aمحاضرات في مقياس نظام المعلومات المحاسبي :
_bموجهة لطلبة السنة الثالثة ليسانس محاسبة ومالية /
_c زكرياء عطلاوي
260 _aالجزائر
_bجامعة الجزائر3: كلية العلوم الإقتصادية، العلوم التجارية وعلوم التسيير
_c2023
300 _a101 ورقة
_bايضاحات
_c12 سم
504 _aمراجع ص.101
520 _aمدخل للنظم ونظم المعلومات، مدخلات ومخرجات نظام المعلومات المحاسبي، نظم المعلومات المحاسبي واتخاذ القرارات الادارية ، تدفق البيانات المحاسبية واعداد الخرائط المستندية، تحليل وتصميم وتنفيذ نظم المعلومات المحاسبية، حوسبة نظام المعلومات المحاسبي، الرقابة على أنظمة المعلومات المحاسبية، المراجعة الإلكترونية لنظم المعلومات المحاسبية.
653 _aالتكنولوجيا المحاسبية
653 _aالمحاسبة
653 _aنظام المعلومات
710 _aجامعة الجزائر3: كلية العلوم الإقتصادية، العلوم التجارية وعلوم التسيير
_eناشر علمي
942 _cHANDOUT
999 _c41426
_d41426